000
00293nam a22001337a 4500
008
170425b xxu||||| |||| 00| 0 eng d
020
_a
9780195080834
041
_a
eng
080
_a
54
100
_a
12
101
_a
SHM
245
_a
A GUIDE TO THE ELEMENTS
_c
STWERTKA, A
942
_2
udc
_c
BK
999
_c
11945
_d
11945